Collective Nouns Pertaining to Sea Dwellers - Statistics

General Stats
  • This quiz has been taken 2 times
  • The average score is 3 of 12
Answer Stats
Hint Answer % Correct
Whiting Pod
100%
Fish Shoal
100%
Clams Bed
50%
Sharks Shiver
50%
Herrring Arrmy
0%
Barracuda Battery
0%
Sardines Family
0%
Bass Fleet
0%
Whales Gam
0%
Cod Lap
0%
Smelt Quantity
0%
Jellyfish Smuck
0%
No matching quizzes found
Score Distribution
Percent of People with Each Score
Percentile by Number Answered
Your Score History
You have not taken this quiz